000 00552nam a2200181Ia 4500
008 090123s9999 xx 000 0 und d
082 _b3840
100 _aअग्निहोत्री अ.श.
245 _aरहाटगाडगे
250 _a1
260 _bभगवानदास हि.
_c1974
300 _a207
600 _aअग्निहोत्री अ.श.
630 _aरहाटगाडगे
700 _aअग्निहोत्री अ.श.
730 _aरहाटगाडगे
942 _cBOOK
999 _c41916
_d41916